Câu hỏi và bài tập hóa học vô cơ Phần phi kim
Guardado en:
| Autor principal: | |
|---|---|
| Formato: | Libro |
| Publicado: |
Hà Nội
Khoa học kỹ thuật
2012
|
| Materias: | |
| Etiquetas: |
Agregar Etiqueta
Sin Etiquetas, Sea el primero en etiquetar este registro!
|
| Thư viện lưu trữ: | Trung tâm Học liệu Lê Vũ Hùng, Trường Đại học Đồng Tháp |
|---|
| LEADER | 00838pam a22002538a 4500 | ||
|---|---|---|---|
| 001 | 00045703 | ||
| 005 | 20200826080824.0 | ||
| 008 | 110601s1981 ||||||Viesd | ||
| 020 | # | # | |c 68000 |
| 041 | 0 | # | |a Vie |
| 082 | 1 | # | |b C125H |a 546.076 |
| 100 | 0 | # | |a Nguyễn, Đức Vận |
| 245 | 0 | 0 | |b Phần phi kim |a Câu hỏi và bài tập hóa học vô cơ |c Nguyễn Đức Vận |
| 260 | # | # | |a Hà Nội |b Khoa học kỹ thuật |c 2012 |
| 300 | # | # | |a 115 tr. |c 24 cm. |
| 650 | # | 7 | |a Bài tập |
| 653 | # | # | |a Bài tập |
| 653 | # | # | |a Câu hỏi |
| 653 | # | # | |a Hóa học |
| 653 | # | # | |a Phần phi kim |
| 653 | # | # | |a Vô cơ |
| 852 | # | # | |j KM.0034401 |j KM.0033661 |j KM.0034402 |j KD.0027301 |j KM.0034403 |
| 910 | # | # | |d 25/08/2020 |
| 980 | # | # | |a Trung tâm Học liệu Lê Vũ Hùng, Trường Đại học Đồng Tháp |